| 000 | 00849nac a22002291u 4500 | ||
|---|---|---|---|
| 010 | _a 83023851 | ||
| 020 | _a0070106622 | ||
| 020 | _a0070106630 (solutions manual) | ||
| 082 | 0 | 0 |
_a621.31042 _bCHA |
| 090 |
_c5553 _d5553 |
||
| 100 | _aChapman, Stephen J. | ||
| 245 | 1 | 0 |
_aElectric machinery fundamentals / _cStephen J. Chapman. |
| 260 |
_aNew York : _bMcGraw-Hill,c1985. _cc1985. |
||
| 300 |
_axii, 653 p. : _bill. ; _c25 cm. |
||
| 440 | 0 | _aMcGraw-Hill series in electrical engineering. | |
| 500 | _aDistributer : Al-Ahram. | ||
| 504 | _aIncludes bibliographical references and index. | ||
| 511 | _aCatalogued By : Mahitab. | ||
| 650 | 0 | _aElectric machinery. | |
| 942 |
_cBB _k621.31042CHA |
||
| 999 |
_c5553 _d5553 |
||